Civitas humana: cuestiones fundamentales en la reforma de la sociedad y de la economía
Uloženo v:
| Hlavní autor: | |
|---|---|
| Médium: | Kniha |
| Jazyk: | španělština |
| Vydáno: |
Madrid, España
Revista de Occidente
1949
|
| Edice: | Biblioteca de la Ciencia Económica,
12 |
| Témata: | |
| Tagy: |
Přidat tag
Žádné tagy, Buďte první, kdo vytvoří štítek k tomuto záznamu!
|
MARC
| LEADER | 00000cam a2200000 a 4500 | ||
|---|---|---|---|
| 001 | UCE3068 | ||
| 003 | CL-VaPUC | ||
| 005 | 20200506172151.0 | ||
| 008 | 140814e19490000sp |||||||||||||||||spa|d | ||
| 999 | |c 356519 |d 356517 | ||
| 040 | |c Pontificia Universidad Católica de Valparaíso | ||
| 082 | 0 | 4 | |a 330.1 ROP 1949 |2 21 |
| 100 | 0 | |a Röpke, Wilhelm |e author |9 575572 | |
| 245 | 1 | 0 | |a Civitas humana: |b cuestiones fundamentales en la reforma de la sociedad y de la economía |
| 260 | |a Madrid, España |b Revista de Occidente |c 1949 | ||
| 300 | |a 297 páginas | ||
| 490 | 0 | |a Biblioteca de la Ciencia Económica, |v 12 | |
| 583 | |a last modification |c 20140814 14:58:00 |k Rodrigo Vera | ||
| 650 | 7 | |a SISTEMAS ECONOMICOS |2 CL-VaPUC |9 575573 | |
| 650 | 7 | |a REFORMAS ECONOMICAS |2 CL-VaPUC |9 403130 | |
| 650 | 7 | |a REFORMAS SOCIALES |2 CL-VaPUC |9 368849 | |
| 852 | |a BIBCUR | ||
| 942 | |c BK |2 ddc | ||
| 945 | |d 20140814 14:58:00 |a arojas | ||
| 952 | |0 0 |1 0 |2 ddc |3 erb |4 0 |6 330_100000000000000_ROP_1949 |7 0 |8 X |9 463964 |a FDOBUD |b FDOBUD |i 5092795 |o 330.1 ROP 1949 |p 5092795 |r 2019-11-23 |t 1 |w 2019-11-23 |y BK_X |z Catalogado en:20140814 |k BUD | ||